Deutsche Bischofssitze - Statistiken

Allgemein
  • Dieses Quiz wurde 223 mal gespielt
  • Das Durchschnittsergebnis liegt bei 22 aus 31
Antwortstatistiken
Bildquiz Antwort % Korrekt
Köln
98%
München
98%
Berlin
94%
Dresden
94%
Hamburg
90%
Mainz
90%
Aachen
89%
Freiburg
86%
Erfurt
84%
Trier
83%
Speyer
82%
Regensburg
81%
Münster
80%
Stuttgart
80%
Augsburg
78%
Bamberg
77%
Limburg
77%
Magdeburg
76%
Würzburg
73%
Passau
72%
Essen
70%
Paderborn
66%
Osnabrück
65%
Fulda
62%
Hildesheim
60%
Freising
55%
Eichstätt
40%
Görlitz
40%
Rottenburg
36%
Bautzen
23%
Dillingen
16%
Keine übereinstimmenden Quizze gefunden
Verteilung der Resultate
Anzahl Personen mit jedem Resultat
Perzentil nach korrekt beantworteten Fragen
Ihre Resultats-Entwicklung
Sie haben dieses Quiz noch nicht gespielt